亚洲运动会举办城市 Asian Games Host Cities - Statistics

General Stats
  • This quiz has been taken 248 times
  • The average score is 17 of 22
Answer Stats
年份 举办城市 % Correct
3 1958 东京
98%
11 1990 北京
98%
10 1986 汉城
96%
19 2023 杭州
93%
16 2010 广州
92%
4 1962 雅加达
89%
18 2018 雅加达/巨港
89%
1 1951 新德里
85%
9 1982 新德里
85%
5 1966 曼谷
83%
6 1970 曼谷
83%
8 1978 曼谷
83%
13 1998 曼谷
83%
7 1974 德黑兰
68%
2 1954 马尼拉
66%
22 2034 利雅得
66%
15 2006 多哈
65%
21 2030 多哈
65%
14 2002 釜山
61%
20 2026 爱知/名古屋
54%
17 2014 仁川
51%
12 1994 广岛
30%
No matching quizzes found
Score Distribution
Percent of People with Each Score
Percentile by Number Answered
Your Score History
You have not taken this quiz